Stedman`s medical dictionary/ (Record no. 101074)

MARC details
000 -LEADER
fixed length control field 00644nam a2200217 a 4500
008 - FIXED-LENGTH DATA ELEMENTS--GENERAL INFORMATION
fixed length control field
020 ## - INTERNATIONAL STANDARD BOOK NUMBER
International Standard Book Number 078173390L (hbk.)
049 ## - LOCAL HOLDINGS (OCLC)
Holding library MAIN
090 ## - LOCALLY ASSIGNED LC-TYPE CALL NUMBER (OCLC); LOCAL CALL NUMBER (RLIN)
Classification number (OCLC) (R) ; Classification number, CALL (RLIN) (NR) REF R121
Local cutter number (OCLC) ; Book number/undivided call number, CALL (RLIN) STE
003 - CONTROL NUMBER IDENTIFIER
control field
005 - DATE AND TIME OF LATEST TRANSACTION
control field 20230120191432.0
040 ## - CATALOGING SOURCE
Transcribing agency NUST
100 1# - MAIN ENTRY--PERSONAL NAME
Personal name Stedman, Thomas Lathrop.
245 10 - TITLE STATEMENT
Title Stedman`s medical dictionary/
Statement of responsibility, etc. Thomas Lathrop Stedman.
260 ## - PUBLICATION, DISTRIBUTION, ETC.
Place of publication, distribution, etc. Maryland :
Name of publisher, distributor, etc. Lippincott Williams & Wilkins ;
Date of publication, distribution, etc. c2006.
300 ## - PHYSICAL DESCRIPTION
Extent 28th ed.
300 ## - PHYSICAL DESCRIPTION
Extent I, 2169 [176]p. :
Other physical details col. ill. ;
Dimensions 26 cm.
650 #1 - SUBJECT ADDED ENTRY--TOPICAL TERM
Topical term or geographic name entry element Medicine-Dictionaries.
907 ## - LOCAL DATA ELEMENT G, LDG (RLIN)
a .b1029174x
b 14-06-11
c 21-02-11
942 ## - ADDED ENTRY ELEMENTS (KOHA)
Koha item type Ordinary Loan Books
Call number prefix REF R121
Call number suffix STE
Holdings
Date last seen Total Checkouts Full call number Barcode Cost, replacement price Price effective from Koha item type Lost status Source of classification or shelving scheme Damaged status Not for loan Collection Withdrawn status Home library Current library Shelving location Date acquired Cost, normal purchase price
01/20/2023   REF R121 STE 92004019689 80.00 01/20/2023 BOOKS   LCC     NFIC   MAIN MAIN GEN 01/20/2023 80.00